[Event "EU-ch Cities&Town op"]
[Site "Tornelo INT"]
[Date "2023.01.29"]
[Round "?"]
[White "Yedid, Lior"]
[Black "Nastase, Andreea Cristina"]
[Result "0-1"]
[WhiteElo "1521"]
[BlackElo "2046"]
[PlyCount "158"]
[EventDate "2023.01.29"]
[EventType "team-swiss"]
[EventRounds "9"]
[EventCountry "NET"]
[SourceTitle "CBM 212 Extra"]
[Source "ChessBase"]
[SourceDate "2023.03.31"]
[SourceVersion "1"]
[SourceVersionDate "2023.03.31"]
[SourceQuality "1"]
[WhiteTeam "London U18"]
[BlackTeam "Snagov"]
[WhiteTeamCountry "ENG"]
[BlackTeamCountry "ROU"]

1. e4 c5 2. Nf3 d6 3. c3 g6 4. d4 cxd4 5. cxd4 Bg7 6. Nc3 a6 7. Be3 b5 8. a3 Bb7 9. d5 Nf6 10. Bd3 0-0 11. 0-0 Nbd7 12. b4 Ng4 13. Bf4 Bxc3 14. Rc1 Bg7 15. Ng5 Nge5 16. Bb1 h6 17. Nh3 Rc8 18. Qd2 Nc4 19. Qd3 Nde5 20. Qg3 Qd7 21. Ba2 Qg4 22. Bxe5 Nxe5 23. Qe3 Nc4 24. Bxc4 bxc4 25. Rfe1 c3 26. Qb6 Qd7 27. Nf4 Qc7 28. Qe3 a5 29. Ne2 axb4 30. axb4 Ba6 31. Rc2 Bxe2 32. Rexe2 Qc4 33. Qa7 Qxb4 34. Re1 Qb3 35. Rec1 Rfe8 36. Qd7 Ra8 37. h3 Bf6 38. f4 Qb6+ 39. Kh2 Red8 40. Qg4 Bg7 41. f5 gxf5 42. Qxf5 Qe3 43. Rf1 Rf8 44. Rf3 Qd4 45. g3 Rab8 46. Rfxc3 Rb1 47. h4 Qg1+ 48. Kh3 Bxc3 49. Rxc3 Qf1+ 50. Kg4 Qxf5+ 51. Kxf5 Rf1+ 52. Kg4 Kh7 53. Kh5 f5 54. Re3 fxe4 55. Rxe4 R8f7 56. Re6 R1f5+ 57. Kg4 Rxd5 58. Kh3 Rg7 59. g4 Rd3+ 60. Kg2 Rxg4+ 61. Kf2 Rg7 62. Re4 e5 63. Ke2 Rh3 64. Kf2 Re7 65. Rg4 e4 66. Kg2 Rb3 67. Kf2 d5 68. Ke2 Ra7 69. Kd1 Ra2 70. Kc1 e3 71. Rg1 e2 72. Re1 Re3 73. Kb1 Rd2 74. Kc1 Red3 75. Rg1 Rd1+ 76. Kc2 Rxg1 77. h5 Rgd1 78. Kb2 R1d2+ 79. Kc1 e1Q# 0-1

[Event "ROM-chT (Women)"]
[Site "Mamaia"]
[Date "2021.10.08"]
[Round "8.1"]
[White "Obada, Ema"]
[Black "Nastase, Andreea Cristina"]
[Result "1-0"]
[WhiteElo "1964"]
[BlackElo "2083"]
[PlyCount "91"]
[EventDate "2021.10.02"]
[EventType "team-tourn"]
[EventRounds "10"]
[EventCountry "ROU"]
[SourceTitle "CBM 204 Extra"]
[Source "ChessBase"]
[SourceDate "2021.11.30"]
[SourceVersion "1"]
[SourceVersionDate "2021.11.30"]
[SourceQuality "1"]
[WhiteTeam "Sighetu Marmatiei (W)"]
[BlackTeam "Timisoara UVT (W)"]
[WhiteTeamCountry "ROU"]
[BlackTeamCountry "ROU"]

1. e4 c5 2. Nf3 d6 3. Bb5+ Nd7 4. a4 a6 5. Be2 Ngf6 6. Nc3 g6 7. a5 Bg7 8. 0-0 0-0 9. d3 Nb8 10. e5 dxe5 11. Nxe5 Qc7 12. Bf4 Nh5 13. Bxh5 Bxe5 14. Bxe5 Qxe5 15. Bf3 Nd7 16. Re1 Qd6 17. Qc1 Nf6 18. Qh6 Rb8 19. Ra4 Bf5 20. Rh4 g5 21. Qxg5+ Bg6 22. Be4 b5 23. Qh6 Qe5 24. Kf1 Nxe4 25. dxe4 e6 26. f4 Qg7 27. Qg5 f5 28. e5 b4 29. Ne2 Be8 30. Rh6 Qxg5 31. fxg5 Bb5 32. Kf2 Rbd8 33. Ke3 Rfe8 34. Nf4 Rd4 35. Nh5 Red8 36. Nf6+ Kf8 37. Rxh7 f4+ 38. Kf3 Bc6+ 39. Kg4 f3+ 40. Kg3 f2 41. Rf1 Be4 42. Rh8+ Ke7 43. Rxd8 Kxd8 44. Rxf2 Bf5 45. Rxf5 exf5 46. g6 1-0

[Event "Online Olym Div Top-A"]
[Site "Chess.com INT"]
[Date "2021.09.09"]
[Round "5.2"]
[White "Nastase, Andreea Cristina"]
[Black "Zhang, Jilin"]
[Result "0-1"]
[WhiteElo "2092"]
[BlackElo "2245"]
[PlyCount "44"]
[EventDate "2021.09.08"]
[EventType "team (rapid)"]
[EventRounds "9"]
[EventCountry "USA"]
[SourceTitle "CBM 204 Extra"]
[Source "ChessBase"]
[SourceDate "2021.11.30"]
[SourceVersion "1"]
[SourceVersionDate "2021.11.30"]
[SourceQuality "1"]
[WhiteTeam "Romania"]
[BlackTeam "Australia"]
[WhiteTeamCountry "ROU"]
[BlackTeamCountry "AUS"]

1. d4 Nf6 2. c4 g6 3. Nc3 c5 4. d5 d6 5. e4 Bg7 6. Bd3 0-0 7. Nge2 e6 8. 0-0 exd5 9. cxd5 Na6 10. h3 Nc7 11. Be3 b5 12. Qd2 b4 13. Nd1 Re8 14. Ng3 Ba6 15. Bxa6 Nxa6 16. Qd3 Nc7 17. Rc1 a5 18. f4 Qe7 19. Bxc5 Ncxd5 20. exd5 dxc5 21. d6 Qd7 22. Rxc5 Qa7 0-1

[Event "Online Olym Div Top-A"]
[Site "Chess.com INT"]
[Date "2021.09.08"]
[Round "1.2"]
[White "Alinasab, Mobina"]
[Black "Nastase, Andreea Cristina"]
[Result "1/2-1/2"]
[WhiteElo "2309"]
[BlackElo "2092"]
[PlyCount "84"]
[EventDate "2021.09.08"]
[EventType "team (rapid)"]
[EventRounds "9"]
[EventCountry "USA"]
[SourceTitle "CBM 204 Extra"]
[Source "ChessBase"]
[SourceDate "2021.11.30"]
[SourceVersion "1"]
[SourceVersionDate "2021.11.30"]
[SourceQuality "1"]
[WhiteTeam "Iran"]
[BlackTeam "Romania"]
[WhiteTeamCountry "IRI"]
[BlackTeamCountry "ROU"]

1. e4 c6 2. d4 d5 3. Nd2 dxe4 4. Nxe4 Nf6 5. Nxf6+ exf6 6. c3 Bf5 7. Bd3 Bxd3 8. Qxd3 Na6 9. Bf4 Bd6 10. Bxd6 Qxd6 11. Ne2 0-0 12. 0-0 Rad8 13. Rad1 Rfe8 14. Ng3 Nc7 15. Nf5 Qe6 16. Nxg7 Kxg7 17. Qg3+ Kh8 18. Qxc7 Rd7 19. Qf4 Rd5 20. b3 Rf5 21. Qd2 Qd6 22. f4 Rg8 23. g3 h5 24. Qe3 h4 25. Kf2 Rh5 26. Rh1 Qd5 27. Qf3 Qa5 28. Rd2 hxg3+ 29. hxg3 Rxh1 30. Qxh1+ Kg7 31. Qf3 Rh8 32. Kg1 Qf5 33. Qd3 Qh3 34. Qe4 Kf8 35. Qg2 Qf5 36. Re2 Qd3 37. Kf1 Qxc3 38. Qe4 Qc1+ 39. Re1 Qa3 40. Re2 Qc1+ 41. Re1 Qa3 42. Re2 Qc1+ 1/2-1/2

[Event "EU-ch (Women) 21st"]
[Site "Iasi"]
[Date "2021.08.14"]
[Round "6"]
[White "Sandu, Mihaela"]
[Black "Nastase, Andreea Cristina"]
[Result "1-0"]
[WhiteElo "2263"]
[BlackElo "2074"]
[PlyCount "131"]
[EventDate "2021.08.09"]
[EventType "swiss"]
[EventRounds "11"]
[EventCountry "ROU"]
[SourceTitle "CBM 203 Extra"]
[Source "ChessBase"]
[SourceDate "2021.09.30"]
[SourceVersion "1"]
[SourceVersionDate "2021.09.30"]
[SourceQuality "1"]

1. e4 c5 2. Nf3 d6 3. Bb5+ Nd7 4. 0-0 a6 5. Bd3 g6 6. c3 Bg7 7. Bc2 e6 8. d4 cxd4 9. cxd4 Ne7 10. Nc3 0-0 11. Bg5 h6 12. Bh4 g5 13. Bg3 e5 14. dxe5 Nxe5 15. Nxe5 dxe5 16. Qe2 Nc6 17. Bb3 Nd4 18. Qd1 Be6 19. Bd5 Bxd5 20. Nxd5 Rc8 21. Ne3 Qb6 22. b3 Rfd8 23. Qh5 Nc2 24. Nxc2 Rxc2 25. h4 gxh4 26. Qxh4 Qf6 27. Rfd1 Qxh4 28. Bxh4 Rd4 29. Re1 Bf8 30. Bg3 f6 31. Rec1 Rdd2 32. Rxc2 Rxc2 33. Rd1 Rxa2 34. Rd7 b5 35. Bh4 Bg7 36. Rd6 Kf7 37. Rb6 Ra1+ 38. Kh2 Ra3 39. b4 Ra4 40. f3 h5 41. Rb7+ Kg6 42. Rb6 Rxb4 43. Rxa6 Rb1 44. f4 exf4 45. e5 Rb2 46. Kg1 Kf5 47. exf6 Bf8 48. f7 Kg4 49. Bf2 f3 50. Rg6+ Kf5 51. Rg8 Rb1+ 52. Kh2 fxg2 53. Rxf8 Kg6 54. Kxg2 Kg7 55. Rh8 Kxf7 56. Rxh5 Ke6 57. Kf3 Kd6 58. Ke4 Rb4+ 59. Bd4 Rb1 60. Rh6+ Kc7 61. Kd5 Rc1 62. Rh7+ Kb8 63. Bc5 Rd1+ 64. Kc6 Rd8 65. Bd6+ Ka8 66. Rh1 1-0

[Event "EU-ch (Women) 21st"]
[Site "Iasi"]
[Date "2021.08.12"]
[Round "4"]
[White "Lehaci, Miruna Daria"]
[Black "Nastase, Andreea Cristina"]
[Result "1-0"]
[WhiteElo "2267"]
[BlackElo "2074"]
[PlyCount "79"]
[EventDate "2021.08.09"]
[EventType "swiss"]
[EventRounds "11"]
[EventCountry "ROU"]
[SourceTitle "CBM 203 Extra"]
[Source "ChessBase"]
[SourceDate "2021.09.30"]
[SourceVersion "1"]
[SourceVersionDate "2021.09.30"]
[SourceQuality "1"]

1. e4 c5 2. f4 d6 3. Nf3 Nc6 4. Bb5 Bg4 5. h3 Bd7 6. 0-0 e6 7. c4 Nd4 8. Nxd4 cxd4 9. Bxd7+ Qxd7 10. f5 e5 11. d3 g6 12. f6 h5 13. a3 Bh6 14. Bxh6 Rxh6 15. Qc1 Qe6 16. b4 Rh8 17. Qg5 h4 18. Ra2 Rh5 19. Qc1 b5 20. cxb5 Rc8 21. Rc2 Rxc2 22. Qxc2 Nxf6 23. Kh2 d5 24. Nd2 dxe4 25. dxe4 Nd7 26. Qc7 Qb6 27. Qc8+ Ke7 28. Nc4 Qb8 29. Qc6 f6 30. Qd5 Nb6 31. Qc6 Nd7 32. Qd5 Nb6 33. Qc5+ Kf7 34. Qc6 Qd8 35. Nd6+ Kg8 36. Ne8 Kh8 37. Nxf6 Rg5 38. Qb7 Rh5 39. Nxh5 gxh5 40. Qf7 1-0

[Event "EU-ch (Women) 21st"]
[Site "Iasi"]
[Date "2021.08.11"]
[Round "3"]
[White "Garifullina, Leya"]
[Black "Nastase, Andreea Cristina"]
[Result "1-0"]
[WhiteElo "2385"]
[BlackElo "2074"]
[PlyCount "69"]
[EventDate "2021.08.09"]
[EventType "swiss"]
[EventRounds "11"]
[EventCountry "ROU"]
[SourceTitle "CBM 203 Extra"]
[Source "ChessBase"]
[SourceDate "2021.09.30"]
[SourceVersion "1"]
[SourceVersionDate "2021.09.30"]
[SourceQuality "1"]

1. e4 c5 2. Nf3 d6 3. d4 cxd4 4. Nxd4 Nf6 5. Nc3 a6 6. h3 e5 7. Nde2 h5 8. g3 Be7 9. Bg2 Be6 10. a4 b6 11. 0-0 Nbd7 12. Be3 Rb8 13. b3 Qc8 14. f4 Nf8 15. f5 Bd7 16. Qd3 Bc6 17. b4 N8d7 18. Nd5 Bxd5 19. exd5 e4 20. Qb3 Ne5 21. Nc3 Qc4 22. Qxc4 Nxc4 23. Bf4 Kd7 24. Nxe4 Nxd5 25. Nc5+ dxc5 26. Bxd5 Nd6 27. b5 Bf6 28. Bc6+ Kc7 29. Rad1 Bd4+ 30. Kg2 axb5 31. axb5 Rbd8 32. Rfe1 Bf6 33. Re3 g5 34. fxg6 fxg6 35. Re6 1-0

[Event "EU-ch (Women) 21st"]
[Site "Iasi"]
[Date "2021.08.10"]
[Round "2"]
[White "Nastase, Andreea Cristina"]
[Black "Cosma, Elena Luminita"]
[Result "1-0"]
[WhiteElo "2074"]
[BlackElo "2311"]
[PlyCount "87"]
[EventDate "2021.08.09"]
[EventType "swiss"]
[EventRounds "11"]
[EventCountry "ROU"]
[SourceTitle "CBM 203 Extra"]
[Source "ChessBase"]
[SourceDate "2021.09.30"]
[SourceVersion "1"]
[SourceVersionDate "2021.09.30"]
[SourceQuality "1"]

1. d4 d5 2. c4 e6 3. Nc3 Nf6 4. cxd5 exd5 5. Bg5 Be7 6. e3 c6 7. Bd3 Nbd7 8. Qc2 Nh5 9. Bxe7 Qxe7 10. 0-0-0 Nb6 11. Kb1 g6 12. Nge2 Ng7 13. Rhe1 Bf5 14. Bxf5 Nxf5 15. e4 dxe4 16. d5 cxd5 17. Nf4 Qc5 18. Nfxd5 0-0-0 19. Nxb6+ axb6 20. Nxe4 Qxc2+ 21. Kxc2 h5 22. Nf6 Nd4+ 23. Kc3 Nc6 24. Nd5 b5 25. Rd3 Rd6 26. Ne7+ Kd7 27. Nd5 Kc8 28. Nb6+ Kc7 29. Rxd6 Kxd6 30. Rd1+ Ke6 31. Nd7 Rc8 32. Nc5+ Kf6 33. Kb3 Na5+ 34. Kb4 Nc4 35. b3 Ne5 36. Kxb5 Kg7 37. Rd2 Ng4 38. h3 Nf6 39. f3 Rc7 40. b4 h4 41. Kb6 Re7 42. Nxb7 Re1 43. Nc5 Rb1 44. b5 1-0

[Event "ROM-ch U20 Girls"]
[Site "Mamaia"]
[Date "2021.04.13"]
[Round "9"]
[White "Nastase, Andreea Cristina"]
[Black "Nistor, Valentina"]
[Result "1-0"]
[WhiteElo "2071"]
[BlackElo "1899"]
[PlyCount "141"]
[EventDate "2021.04.07"]
[EventType "swiss"]
[EventRounds "9"]
[EventCountry "ROU"]
[SourceTitle "EXT 2022"]
[Source "ChessBase"]
[SourceDate "2021.10.06"]
[SourceVersion "1"]
[SourceVersionDate "2021.10.06"]
[SourceQuality "1"]

1. d4 d5 2. c4 e6 3. Nc3 Be7 4. cxd5 exd5 5. Qc2 Nf6 6. Bg5 0-0 7. e3 Nbd7 8. Bd3 Re8 9. Nge2 Nf8 10. 0-0 Ng6 11. Nf4 c6 12. Nxg6 hxg6 13. Rab1 Ne4 14. Bxe7 Qxe7 15. b4 a6 16. a4 Bf5 17. b5 axb5 18. axb5 Rec8 19. Bxe4 Bxe4 20. Nxe4 dxe4 21. bxc6 bxc6 22. Rfc1 Ra5 23. Qc3 Rd5 24. Qc4 Qd7 25. h3 Kh7 26. Rb2 g5 27. Qe2 g6 28. Rbc2 f5 29. Qa6 Rd6 30. Rc5 Rc7 31. Qc4 Rb7 32. Rxc6 Rxc6 33. Qxc6 Qe7 34. Qc8 f4 35. Qg4 Qa3 36. Qc8 Qe7 37. Qc5 Qf6 38. Qd5 Qe7 39. Re1 Rd7 40. Qc5 Qf6 41. exf4 Rxd4 42. fxg5 Qd8 43. Qe5 Rd5 44. Qxe4 Qxg5 45. Qe7+ Qxe7 46. Rxe7+ Kh6 47. g4 Kg5 48. Kg2 Rd3 49. f3 Kf6 50. Ra7 Rd1 51. Ra6+ Kg7 52. g5 Rd7 53. h4 Rb7 54. Kg3 Rc7 55. f4 Rc1 56. Ra7+ Kg8 57. Ra2 Kg7 58. Rg2 Rh1 59. Rh2 Rg1+ 60. Kf2 Ra1 61. Rh3 Ra2+ 62. Kg3 Ra1 63. h5 gxh5 64. Rxh5 Ra6 65. Kg4 Ra5 66. Rh3 Kg6 67. Rh6+ Kg7 68. Rb6 Ra4 69. Re6 Kf7 70. Rc6 Rb4 71. g6+ 1-0

[Event "Hillerod 100th Ann (Women)"]
[Site "Hillerod"]
[Date "2020.02.13"]
[Round "7"]
[White "Berke, Ana"]
[Black "Nastase, Andreea Cristina"]
[Result "0-1"]
[WhiteElo "2152"]
[BlackElo "2091"]
[PlyCount "124"]
[EventDate "2020.02.08"]
[EventType "tourn"]
[EventRounds "9"]
[EventCountry "DEN"]
[SourceTitle "CBM 194 Extra"]
[Source "ChessBase"]
[SourceDate "2020.03.31"]
[SourceVersion "1"]
[SourceVersionDate "2020.03.31"]
[SourceQuality "1"]

1. e4 c5 2. Nf3 d6 3. d4 cxd4 4. Qxd4 Nc6 5. Bb5 Bd7 6. Bxc6 Bxc6 7. Nc3 Qb6 8. Qxb6 axb6 9. Nd5 Ra4 10. Nd2 Nf6 11. b3 Ra7 12. c4 e6 13. Nxf6+ gxf6 14. Bb2 Rg8 15. Rg1 Rg6 16. a4 d5 17. exd5 exd5 18. 0-0-0 Bh6 19. Ba3 f5 20. Kb2 Re6 21. g4 fxg4 22. Rxg4 f5 23. Rg8+ Kf7 24. Rc8 Re2 25. Rc7+ Ke8 26. Kc3 Bxd2+ 27. Rxd2 Rxd2 28. Kxd2 dxc4 29. bxc4 Rxa4 30. Bb2 Rxc4 31. Rxh7 Be4 32. Be5 b5 33. Rc7 Bc6 34. f4 b4 35. h4 b3 36. Rg7 Rc2+ 37. Kd3 Be4+ 38. Ke3 b2 39. Bxb2 Rxb2 40. Kd4 Kf8 41. Rc7 Kg8 42. Ke5 Rb6 43. Rd7 Rh6 44. Rc7 Rxh4 45. Kf6 Rh6+ 46. Ke5 Kf8 47. Rd7 Ke8 48. Rg7 Kd8 49. Rf7 Kc8 50. Rg7 Kb8 51. Rg1 Ka7 52. Ra1+ Ra6 53. Rd1 b5 54. Rd7+ Kb6 55. Kd4 Ra4+ 56. Kc3 Rc4+ 57. Kb3 Rc6 58. Kb4 Rc4+ 59. Kb3 Bc6 60. Rd6 Rxf4 61. Rf6 Kc5 62. Kb2 Rf3 0-1

[Event "Hillerod 100th Ann (Women)"]
[Site "Hillerod"]
[Date "2020.02.11"]
[Round "5"]
[White "Miturova, Magdalena"]
[Black "Nastase, Andreea Cristina"]
[Result "1-0"]
[WhiteElo "2185"]
[BlackElo "2091"]
[PlyCount "107"]
[EventDate "2020.02.08"]
[EventType "tourn"]
[EventRounds "9"]
[EventCountry "DEN"]
[SourceTitle "CBM 194 Extra"]
[Source "ChessBase"]
[SourceDate "2020.03.31"]
[SourceVersion "1"]
[SourceVersionDate "2020.03.31"]
[SourceQuality "1"]

1. Nf3 d5 2. g3 c5 3. Bg2 Nc6 4. d4 Bg4 5. dxc5 e6 6. a3 Bxc5 7. b4 Be7 8. Bb2 Bf6 9. Bxf6 Nxf6 10. Nbd2 b5 11. 0-0 0-0 12. Nb3 Bxf3 13. exf3 a5 14. Qe2 Qb6 15. c3 Rac8 16. f4 Rfd8 17. Rfd1 g6 18. Rd3 a4 19. Nc5 Ne7 20. Bh3 Rc6 21. g4 Rxc5 22. bxc5 Qxc5 23. f5 Ne4 24. fxe6 fxe6 25. Bg2 Rf8 26. Rf1 Qc6 27. Bxe4 dxe4 28. Rd4 Rf4 29. c4 bxc4 30. Rxc4 Qd5 31. h3 Rf3 32. Qxe4 Qxe4 33. Rxe4 Rxa3 34. Rxe6 Kf7 35. Ra6 Rxh3 36. Rxa4 h5 37. Re1 Nc6 38. Rc4 Na5 39. Rf4+ Kg7 40. Ra4 Nc6 41. Ra6 Nd8 42. Re7+ Nf7 43. Ree6 Nh8 44. g5 Rf3 45. Rf6 Rxf6 46. Rxf6 Nf7 47. f4 Nh6 48. Ra6 Ng4 49. Ra7+ Kf8 50. Kg2 Ne3+ 51. Kf3 Nf5 52. Ke4 h4 53. Ke5 Ng7 54. Ra6 1-0

[Event "Wch U20 Girls 37th"]
[Site "New Delhi"]
[Date "2019.10.15"]
[Round "1"]
[White "Nastase, Andreea Cristina"]
[Black "Tsolakidou, Stavroula"]
[Result "0-1"]
[WhiteElo "2077"]
[BlackElo "2431"]
[PlyCount "88"]
[EventDate "2019.10.15"]
[EventType "swiss"]
[EventRounds "11"]
[EventCountry "IND"]
[SourceTitle "CBM 192 Extra"]
[Source "Chessbase"]
[SourceDate "2019.11.06"]
[SourceVersion "1"]
[SourceVersionDate "2019.11.06"]
[SourceQuality "1"]

1. Nf3 Nf6 2. g3 d5 3. Bg2 c6 4. 0-0 Bg4 5. d4 e6 6. Nbd2 Be7 7. c4 0-0 8. cxd5 exd5 9. Ne5 Bh5 10. Re1 Nbd7 11. Ndf3 a6 12. a3 Re8 13. Bf4 Nf8 14. Bg5 Ne4 15. Bxe7 Qxe7 16. Qc2 Nd6 17. e3 f6 18. Nd3 g5 19. b3 Bg6 20. h4 h6 21. hxg5 hxg5 22. Nh2 Kg7 23. Qe2 Ne6 24. Qf1 Rh8 25. f4 Rh7 26. Nf2 Rah8 27. Nf3 Nf5 28. Bh3 Rxh3 29. Nxh3 g4 30. Nh4 Nxh4 31. gxh4 Be4 32. Nf2 Bf3 33. Nxg4 Bxg4 34. f5 Nf8 35. Qf4 Qe4 36. Qc7+ Kg8 37. Qg3 Kf7 38. Qc7+ Kg8 39. Qg3 Kh7 40. Qc7+ Kh6 41. Qf4+ Qxf4 42. exf4 Bxf5 43. Re8 Ng6 44. Rae1 Be4 0-1

[Event "EU-ch U18 Girls"]
[Site "Bratislava"]
[Date "2019.08.02"]
[Round "1"]
[White "Beydullayeva, Govhar"]
[Black "Nastase, Andreea Cristina"]
[Result "1-0"]
[WhiteElo "2307"]
[BlackElo "1948"]
[PlyCount "61"]
[EventDate "2019.08.02"]
[EventType "swiss"]
[EventRounds "9"]
[EventCountry "SVK"]
[SourceTitle "CBM 191 Extra"]
[Source "ChessBase"]
[SourceDate "2019.09.30"]
[SourceVersion "1"]
[SourceVersionDate "2019.09.30"]
[SourceQuality "1"]

1. Nf3 Nf6 2. d4 d5 3. c4 c6 4. e3 dxc4 5. Bxc4 b5 6. Bd3 e6 7. 0-0 Nbd7 8. a4 b4 9. e4 Be7 10. Nbd2 c5 11. e5 Nd5 12. Re1 a5 13. Ne4 cxd4 14. Bb1 d3 15. Bxd3 Nc5 16. Nxc5 Bxc5 17. Ng5 Be7 18. Qh5 g6 19. Qg4 Ba6 20. Be4 Rc8 21. h4 Bxg5 22. Bxg5 Qd7 23. Bh6 Bb7 24. Rad1 Rc5 25. h5 Qxa4 26. hxg6 hxg6 27. Bxg6 Rxh6 28. Qxe6+ Kd8 29. Qf6+ Kc8 30. Bf5+ Kb8 31. Qxh6 1-0

[Event "ROM-ch U20 Girls"]
[Site "Calimanesti Caciulata"]
[Date "2019.04.17"]
[Round "4"]
[White "Nastase, Andreea Cristina"]
[Black "Bogdan, Andrada Ioana"]
[Result "1-0"]
[WhiteElo "1935"]
[BlackElo "1328"]
[PlyCount "47"]
[EventDate "2019.04.15"]
[EventType "tourn"]
[EventRounds "10"]
[EventCountry "ROU"]
[SourceTitle "CBM 190 Extra"]
[Source "ChessBase"]
[SourceDate "2019.07.15"]
[SourceVersion "1"]
[SourceVersionDate "2019.07.15"]
[SourceQuality "1"]

1. d4 d5 2. c4 c6 3. Nf3 Bf5 4. cxd5 cxd5 5. Qb3 b6 6. Nc3 Nf6 7. Bf4 a6 8. e3 e6 9. Bxb8 Qxb8 10. Bxa6 Bd6 11. Bb5+ Ke7 12. Be2 Rc8 13. h3 Kf8 14. 0-0 Kg8 15. Rfc1 Nd7 16. Nb5 Be7 17. Rxc8+ Qxc8 18. Bd3 Bxd3 19. Qxd3 f6 20. Qc3 Qd8 21. Qc7 Qe8 22. Qc6 Rc8 23. Qxe6+ Kh8 24. Nc3 1-0